000 00627nam a22002057a 4500
005 20170124110226.0
010 _aB-164196
020 _c110.00
035 _aB-164196
037 _bCen Lib/Ret
040 _aDPL
_bEN
082 _a340
_bSED
100 _aSedha, N.S.
_940768
245 _aGoyal's L.L.B. rntrance guide :
_cby N.S. Sedha
_bobjective type questions /
260 _a Delhi
_bGoyal books publishers
_c2006
270 _b Delhi
_aF-24/9, Krishna Nagar
_e110051
300 _avarious pagings
_c23cm(pbk)
650 _aLaw
_xEntarence exminations guide
_940769
942 _2ddc
_cEN
_h340
_mSED
999 _c134453
_d134453